000
00323nam a2200133Ia 4500
008
231017s9999 xx 000 0 und d
082
_a
388.1119
082
_b
OEC
245
0
_a
Road Maintenance and Rehabilitation: Funding and Allocation Strategies
245
0
_c
RTR
260
_b
RTR
300
_c
30cm
942
_c
REP
999
_c
604301
_d
604301